[Event "21st TCh-RUS 2014"]
[Site "Loo RUS"]
[Date "2014.04.07"]
[Round "1.1"]
[Board "1"]
[White "Sjugirov, Sanan"]
[Black "Karjakin, Sergey"]
[Result "0-1"]
[WhiteTitle "GM"]
[BlackTitle "GM"]
[WhiteElo "2653"]
[BlackElo "2772"]
[WhiteTeam "Lada (Samara region)"]
[BlackTeam "Malachite (Sverdlovsk region)"]
[WhiteFideId "4189302"]
[BlackFideId "14109603"]
[EventDate "2014.04.07"]

1. d4 Nf6 2. c4 e6 3. Nf3 b6 4. Nc3 Bb4 5. Qc2 Bb7 6. Bg5 h6 7. Bh4 g5 8. Bg3
Ne4 9. Be5 Bxc3+ 10. bxc3 Rg8 11. d5 f5 12. Nd4 Na6 13. dxe6 d6 14. Qa4+ Ke7 15.
Bg3 Nac5 16. Nc6+ Bxc6 17. Qxc6 Nxe6 18. Rc1 Qd7 19. Qd5 Raf8 20. f3 Nxg3 21.
hxg3 Rg6 22. e3 Qa4 23. Qd2 Nc5 24. Be2 g4 25. Kf2 Rfg8 26. Rcg1 Qe8 27. Qd5 Re6
28. Rh4 Re5 29. Qd4 Qg6 30. Qd2 h5 31. Bd1 gxf3 32. gxf3 f4 33. Rxf4 Nd3+ 34.
Kf1 Nxf4 35. exf4 Rc5 36. Kf2 Kd8 37. Bc2 Qe6 38. Rh1 Kc8 39. f5 Qe5 40. f4 Qg7
41. Qe3 Rxc4 42. Bb3 Rxc3 43. Qe6+ Kb7 44. Qxg8 Rc2+ 45. Bxc2 Qxg8 46. Bb3 Qh8
47. Kg2 b5 48. Bf7 Qb2+ 49. Kh3 Qf6 50. Bg6 b4 51. Re1 a5 52. Re6 Qa1 53. Kh4
Qxa2 54. Kxh5 a4 55. Re4 Qh2+ 56. Kg4 Qb2 57. Kg5 d5 58. Re5 Qc3 59. g4 a3 60.
f6 a2 61. f7 Qc5 62. Re8 b3 63. f8=Q Qxf8 64. Rxf8 b2 65. Rd8 c6 66. Rd7+ Kb6 0-1

[Event "21st TCh-RUS 2014"]
[Site "Loo RUS"]
[Date "2014.04.07"]
[Round "1.1"]
[Board "2"]
[White "Grischuk, Alexander"]
[Black "Bukavshin, Ivan"]
[Result "1-0"]
[WhiteTitle "GM"]
[BlackTitle "GM"]
[WhiteElo "2777"]
[BlackElo "2608"]
[WhiteTeam "Malachite (Sverdlovsk region)"]
[BlackTeam "Lada (Samara region)"]
[WhiteFideId "4126025"]
[BlackFideId "4199758"]
[EventDate "2014.04.07"]

1. e4 c5 2. Nf3 e6 3. d3 Nc6 4. g3 d5 5. Nbd2 Nf6 6. Bg2 Be7 7. O-O O-O 8. Re1
b5 9. e5 Nd7 10. Nf1 Bb7 11. h4 Qb6 12. N1h2 Rfc8 13. h5 b4 14. h6 g6 15. c3 Bf8
16. Bg5 Ne7 17. Qd2 Nf5 18. Qf4 a5 19. g4 Ne7 20. c4 Ra6 21. Rad1 Qc7 22. Nf1
Re8 23. Qg3 Nc6 24. Bf4 Qd8 25. Ne3 Nb6 26. Bg5 Qd7 27. Qf4 Qc7 28. Bf6 d4 29.
Nf1 Nd7 30. Bg5 f5 31. exf6 Qxf4 32. Bxf4 Nxf6 33. g5 Nd7 34. Ng3 Nd8 35. Ne5
Nxe5 36. Bxe5 Bxg2 37. Kxg2 Nf7 38. Ne4 Be7 39. Bf6 Rc6 40. Bxe7 Rxe7 41. Nf6+
Kh8 42. f4 e5 43. Re4 Ree6 44. Ng4 exf4 45. Rxf4 Rc7 46. Rdf1 Ree7 47. Kg3 Rb7
48. Kh4 a4 49. R1f3 a3 50. bxa3 bxa3 51. Nf2 Kg8 52. Ne4 Rb1 53. Nd6 Rh1+ 54.
Kg3 Rg1+ 55. Kh2 Ra1 56. Rxf7 Rxa2+ 57. Kg3 Rxf7 58. Rxf7 Rd2 59. Rg7+ Kf8 60.
Rf7+ Kg8 61. Ra7 Rxd3+ 62. Kf4 Kf8 63. Rf7+ Kg8 64. Ra7 Kf8 65. Ne4 Rh3 66. Nxc5
d3 67. Rxa3 d2 68. Ra1 Rc3 69. Rd1 Rxc4+ 70. Ne4 Rd4 71. Rxd2 1-0

[Event "21st TCh-RUS 2014"]
[Site "Loo RUS"]
[Date "2014.04.07"]
[Round "1.1"]
[Board "3"]
[White "Frolyanov, Dmitry"]
[Black "Leko, Peter"]
[Result "0-1"]
[WhiteTitle "GM"]
[BlackTitle "GM"]
[WhiteElo "2578"]
[BlackElo "2730"]
[WhiteTeam "Lada (Samara region)"]
[BlackTeam "Malachite (Sverdlovsk region)"]
[WhiteFideId "4151976"]
[BlackFideId "703303"]
[EventDate "2014.04.07"]

1. e4 c6 2. d4 d5 3. e5 Bf5 4. Nf3 e6 5. Be2 Ne7 6. O-O c5 7. c4 dxc4 8. dxc5
Nbc6 9. Qa4 Nd5 10. Nd4 Bd3 11. Bxd3 cxd3 12. Nxc6 Qd7 13. Nd2 Bxc5 14. Ne4 Be7
15. Rd1 Rc8 16. Rxd3 Qxc6 17. Qxc6+ Rxc6 18. Nc3 Nxc3 19. bxc3 Bc5 20. g3 h6 21.
Rb1 Rc7 22. Kf1 Ke7 23. Ke2 Rhc8 24. Rb3 b6 25. h4 Ke8 26. Ba3 h5 27. Kf3 Rc6
28. Ke2 R8c7 29. f4 Ke7 30. Kd2 f6 31. exf6+ gxf6 32. Bxc5+ Rxc5 33. Rb4 Kf7 34.
Re4 R5c6 35. Red4 Ke7 36. Re3 Rc5 37. Kc2 Rd7 38. Rde4 Rd6 39. Ra4 Rd7 40. Rae4
Rd6 41. Ra4 a5 42. Rae4 Kf7 43. Re2 Rcc6 44. Rf2 Rd5 45. Rfe2 b5 46. a3 Rdc5 47.
R2e3 Kg6 48. Rd4 Kf5 49. Kd2 Rc4 50. Rd8 b4 51. axb4 axb4 52. cxb4 Rxb4 53. Rf8
Rb2+ 54. Kd3 Rcb6 55. Re5+ Kg6 56. Ra5 R2b3+ 57. Kc4 Rb8 58. Rxb8 Rxb8 59. Kd4
Rb3 60. f5+ exf5 61. Ra8 Rf3 62. Kd5 f4 63. Ke4 Rxg3 64. Kxf4 Rg4+ 65. Kf3 Rxh4
66. Rb8 Ra4 67. Kg3 Rg4+ 68. Kf3 Kg5 69. Ra8 Rf4+ 70. Kg3 Rd4 71. Kf3 h4 72. Rb8
Rd3+ 73. Kg2 f5 74. Ra8 Kg4 75. Rg8+ Kf4 76. Ra8 Rg3+ 77. Kf2 Rf3+ 78. Kg2 Re3
79. Rb8 Rg3+ 80. Kf2 Rg6 81. Rb4+ Kg5 82. Kf3 Rh6 83. Kg2 Rd6 84. Rb8 Rd2+ 85.
Kf3 Rd3+ 86. Kg2 Kg4 87. Rg8+ Kf4 88. Ra8 Rg3+ 89. Kf2 Rg7 90. Ra4+ Kg5 91. Kf3
Rh7 92. Kg2 Rb7 93. Ra8 Rc7 94. Kf3 Rc3+ 95. Kg2 Kg4 96. Rg8+ Kf4 97. Ra8 Rg3+
98. Kf2 Rd3 99. Kg2 Rd6 100. Ra4+ Kg5 101. Ra8 Kg4 102. Rg8+ Kf4 103. Ra8 Rg6+
104. Kh3 Rg1 105. Kh2 Rg3 106. Rh8 Kg4 107. Rg8+ Kf3 108. Rh8 f4 109. Ra8 Rg2+
110. Kh3 Rd2 111. Ra1 Kf2 112. Rb1 f3 113. Ra1 Ke2 114. Ra8 Rd1 115. Re8+ Kf2
116. Kh2 Kf1 117. Re7 f2 0-1

[Event "21st TCh-RUS 2014"]
[Site "Loo RUS"]
[Date "2014.04.07"]
[Round "1.1"]
[Board "4"]
[White "Malakhov, Vladimir"]
[Black "Yakovich, Yuri"]
[Result "1-0"]
[WhiteTitle "GM"]
[BlackTitle "GM"]
[WhiteElo "2701"]
[BlackElo "2539"]
[WhiteTeam "Malachite (Sverdlovsk region)"]
[BlackTeam "Lada (Samara region)"]
[WhiteFideId "4120787"]
[BlackFideId "4100654"]
[EventDate "2014.04.07"]

1. e4 c5 2. Nf3 d6 3. d4 cxd4 4. Qxd4 Nf6 5. Bb5+ Bd7 6. c4 g6 7. O-O Bg7 8. Nc3
O-O 9. Qd3 a6 10. Bxd7 Nfxd7 11. Bd2 Nc6 12. Rac1 Nde5 13. Nxe5 Nxe5 14. Qe2 b5
15. cxb5 axb5 16. b3 Qd7 17. Rc2 f5 18. Nd5 fxe4 19. Qxe4 Ra7 20. Be3 Rb7 21.
Nb6 Qf5 22. Qxb7 Qxc2 23. Qxe7 Qxa2 24. Qe6+ Kh8 25. Nc8 d5 26. Nd6 Qa8 27. Rd1
d4 28. Bxd4 Nf3+ 29. gxf3 Bxd4 30. Nf7+ Kg7 31. Ng5 Qd8 32. h4 Rf5 33. Qxf5 1-0

[Event "21st TCh-RUS 2014"]
[Site "Loo RUS"]
[Date "2014.04.07"]
[Round "1.1"]
[Board "5"]
[White "Geller, Jakov"]
[Black "Lysyj, Igor"]
[Result "0-1"]
[WhiteTitle "GM"]
[BlackTitle "GM"]
[WhiteElo "2504"]
[BlackElo "2662"]
[WhiteTeam "Lada (Samara region)"]
[BlackTeam "Malachite (Sverdlovsk region)"]
[WhiteFideId "4151984"]
[BlackFideId "4150120"]
[EventDate "2014.04.07"]

1. e4 e5 2. Nf3 Nc6 3. Bb5 Nf6 4. O-O Nxe4 5. Re1 Nd6 6. Nxe5 Be7 7. Bf1 Nf5 8.
c3 Nxe5 9. Rxe5 d6 10. Re1 O-O 11. d4 d5 12. Nd2 c6 13. Nf3 Nd6 14. Ne5 Bf5 15.
Bf4 Re8 16. Bd3 Bxd3 17. Nxd3 Bf8 18. Qb3 Qc7 19. g3 Rad8 20. Be5 Qc8 21. Bxd6
Bxd6 22. Rxe8+ Rxe8 23. Re1 Rxe1+ 24. Nxe1 g6 25. Qd1 Qe6 26. Qd2 h5 27. Kg2 h4
28. f3 Qf5 29. Nd3 hxg3 30. hxg3 Qe6 31. Nf2 Bf8 32. f4 c5 33. Kf3 Bg7 34. dxc5
Qc6 35. Ke2 Qxc5 36. Qd3 Qb6 37. Nd1 Qe6+ 38. Ne3 d4 39. cxd4 Qxa2 40. Qd2 Qa6+
41. Kf3 Qb6 42. d5 Qxb2 43. Qa5 Qc3 44. Qd8+ Bf8 45. f5 Kg7 46. fxg6 Bc5 0-1

[Event "21st TCh-RUS 2014"]
[Site "Loo RUS"]
[Date "2014.04.07"]
[Round "1.1"]
[Board "6"]
[White "Bologan, Viktor"]
[Black "Predke, Alexandr"]
[Result "1-0"]
[WhiteTitle "GM"]
[WhiteElo "2649"]
[BlackElo "2491"]
[WhiteTeam "Malachite (Sverdlovsk region)"]
[BlackTeam "Lada (Samara region)"]
[WhiteFideId "13900048"]
[BlackFideId "24107581"]
[EventDate "2014.04.07"]

1. d4 Nf6 2. c4 e6 3. Nf3 d5 4. Nc3 Be7 5. Bf4 O-O 6. e3 Nbd7 7. c5 Nh5 8. Bd3
Nxf4 9. exf4 c6 10. O-O b6 11. b4 a5 12. a3 Qc7 13. g3 Ba6 14. Kg2 Qb7 15. Rb1
axb4 16. axb4 Bf6 17. Bxa6 Qxa6 18. Qd2 Qb7 19. Rfc1 Ra3 20. Nd1 bxc5 21. bxc5
Qa8 22. Ne3 Rc8 23. Nc2 Ra7 24. Ra1 Rcc7 25. Rcb1 Bd8 26. Qd1 Qc8 27. Nb4 Rcb7
28. Rxa7 Rxa7 29. Ra1 Ra5 30. Nd3 Qa6 31. Rxa5 Bxa5 32. Qa4 Nb8 33. Nde5 f6 34.
Ng4 Qb5 35. Qc2 Nd7 36. f5 Nf8 37. fxe6 Nxe6 38. Qf5 Nd8 39. h4 Qb7 40. h5 Qe7
41. h6 Qe4 42. Qd7 Ne6 43. Qe8+ Nf8 44. hxg7 Kxg7 45. Nxf6 Qxe8 46. Nxe8+ Kf7
47. Nd6+ Ke6 48. Ne5 Bc7 49. Ndf7 Kf6 50. Nh6 Kg5 51. Nef7+ Kg6 52. f4 Kg7 53.
Kf3 Ne6 54. Ke3 Ba5 55. f5 Nc7 56. g4 Bc3 57. Kd3 Nb5 58. g5 Bxd4 59. Nd8 Kh8
60. f6 1-0

[Event "21st TCh-RUS 2014"]
[Site "Loo RUS"]
[Date "2014.04.07"]
[Round "1.2"]
[Board "1"]
[White "Vitiugov, Nikita"]
[Black "Smirnov, Pavel"]
[Result "1/2-1/2"]
[WhiteTitle "GM"]
[BlackTitle "GM"]
[WhiteElo "2747"]
[BlackElo "2624"]
[WhiteTeam "St. Petersburg"]
[BlackTeam "Polytechnic (Nizhny Tagil)"]
[WhiteFideId "4152956"]
[BlackFideId "4123425"]
[EventDate "2014.04.07"]

1. c4 e6 2. Nc3 d5 3. d4 c6 4. e3 Nf6 5. Bd2 Nbd7 6. Nf3 Bd6 7. Bd3 dxc4 8. Bxc4
O-O 9. O-O c5 10. Qe2 a6 11. a4 b6 12. d5 exd5 13. Nxd5 Ne5 14. Bc3 Bg4 15. Bxe5
Bxe5 16. Rad1 Ne4 17. h3 Bxf3 18. Qxf3 Nd6 19. Qe2 b5 20. axb5 axb5 21. Bxb5 Rb8
22. Bd3 g6 23. Rd2 Re8 24. Rc1 Qa5 25. Rdc2 Qa2 26. Bc4 Nxc4 27. Qxc4 Qxc4 28.
Rxc4 Bxb2 29. R1c2 Red8 30. Ne7+ Kg7 31. Nc6 Rd1+ 32. Kh2 Rb6 33. Rxc5 Ba3 34.
R5c4 Bd6+ 35. g3 Rbb1 36. Rd4 h5 37. Kg2 Kf6 38. Rcd2 Rxd2 39. Rxd2 Bb4 40. Rd4
Be1 41. Rf4+ Kg7 42. Nd8 f5 43. Ne6+ Kf6 44. Nd4 Ba5 45. Nc2 Rc1 46. Rc4 g5 47.
Rc6+ Kg7 48. Nd4 Rxc6 49. Nxc6 Bd2 50. Nd4 Kf6 51. Ne2 Kg6 52. h4 gxh4 53. gxh4
Bb4 54. Nf4+ Kh6 55. Nd5 Bc5 56. Kf3 Kg6 57. Nf4+ Kh6 58. Nd5 Kg6 59. Nf4+ Kh6
60. Ke2 Be7 61. Ng2 Kg6 62. Kd3 Kf7 63. Kd4 Ke6 64. Kc4 Bd8 65. Kc5 Ke5 66. f3
Ba5 67. Kc6 Bd2 68. Kc5 Ba5 69. Kb5 Bd2 70. Kc4 Kd6 71. Kd3 Ba5 72. Ke2 Bd8 73.
Kf2 Ke6 74. Kg3 Bc7+ 75. Kf2 Bd8 76. Ke2 Kf7 77. Kd2 Ke6 78. Kd3 Kd5 79. Nf4+
Kd6 80. Ng6 Ke6 81. Nf4+ Kd6 82. Ng2 Kd5 83. e4+ fxe4+ 84. fxe4+ Ke5 85. Ke3
Bb6+ 86. Kf3 Bd8 87. Nf4 Kd6 88. Ng6 Ke6 89. Ke3 Kf6 90. Nf4 Ke5 91. Kf3 Kd6 92.
Kg3 Ke5 1/2-1/2

[Event "21st TCh-RUS 2014"]
[Site "Loo RUS"]
[Date "2014.04.07"]
[Round "1.2"]
[Board "2"]
[White "Shomoev, Anton"]
[Black "Dominguez Perez, Leinier"]
[Result "1/2-1/2"]
[WhiteTitle "GM"]
[BlackTitle "GM"]
[WhiteElo "2587"]
[BlackElo "2757"]
[WhiteTeam "Polytechnic (Nizhny Tagil)"]
[BlackTeam "St. Petersburg"]
[WhiteFideId "4135148"]
[BlackFideId "3503240"]
[EventDate "2014.04.07"]

1. e4 c5 2. Nf3 d6 3. Bb5+ Bd7 4. Bxd7+ Qxd7 5. O-O Nf6 6. d4 cxd4 7. Qxd4 g6 8.
c4 Bg7 9. Nc3 O-O 10. Qd3 Nc6 11. h3 Qd8 12. Be3 Nd7 13. Rac1 Qa5 14. Qb1 Rac8
15. Rfd1 Rfe8 16. Nd2 Nb6 17. c5 Bxc3 18. Rxc3 Na4 19. Ra3 dxc5 20. b3 Nc3 21.
Rxa5 Nxb1 22. Rxc5 Nxd2 23. Rxd2 Red8 24. Rcd5 a6 25. Rd7 Rxd7 26. Rxd7 b5 27.
g4 e6 28. Rb7 h5 29. Rb6 hxg4 30. hxg4 Nb4 31. a4 Nc2 32. axb5 axb5 33. Rxb5
Nxe3 34. fxe3 Rc2 35. Kf1 Kf8 36. b4 Rc4 37. Ke2 Rxe4 38. Kf3 Rc4 39. Rb7 g5 40.
Rb5 Ke7 41. Rxg5 1/2-1/2

[Event "21st TCh-RUS 2014"]
[Site "Loo RUS"]
[Date "2014.04.07"]
[Round "1.2"]
[Board "3"]
[White "Movsesian, Sergei"]
[Black "Kokarev, Dmitry"]
[Result "1/2-1/2"]
[WhiteTitle "GM"]
[BlackTitle "GM"]
[WhiteElo "2670"]
[BlackElo "2621"]
[WhiteTeam "St. Petersburg"]
[BlackTeam "Polytechnic (Nizhny Tagil)"]
[WhiteFideId "310204"]
[BlackFideId "4132181"]
[EventDate "2014.04.07"]

1. e4 c5 2. Nf3 d6 3. d4 cxd4 4. Nxd4 Nf6 5. Nc3 a6 6. Be3 e5 7. Nb3 Be7 8. f3
Be6 9. Qd2 Nbd7 10. g4 O-O 11. g5 Nh5 12. O-O-O Rc8 13. Rg1 Nb6 14. Kb1 Qc7 15.
Nd5 Nxd5 16. exd5 Bf5 17. Rc1 f6 18. h4 g6 19. Ka1 Rf7 20. c4 b6 21. Qd1 Qd8 22.
Nd2 fxg5 23. hxg5 Nf4 24. Ne4 Rb8 25. Bxf4 exf4 26. Qd4 Bxe4 27. Qxe4 Bxg5 28.
Bh3 Kg7 29. Be6 Rc7 30. Rc2 Qf6 31. Qd3 a5 32. Re2 Bh4 33. Rf1 Qf8 34. Rh1 Bg5
35. Reh2 h6 36. Re2 Re7 37. Re4 Reb7 38. Bh3 Re7 39. Be6 Reb7 40. Bh3 Re7 1/2-1/2

[Event "21st TCh-RUS 2014"]
[Site "Loo RUS"]
[Date "2014.04.07"]
[Round "1.2"]
[Board "4"]
[White "Maletin, Pavel"]
[Black "Efimenko, Zahar"]
[Result "1/2-1/2"]
[WhiteTitle "GM"]
[BlackTitle "GM"]
[WhiteElo "2582"]
[BlackElo "2657"]
[WhiteTeam "Polytechnic (Nizhny Tagil)"]
[BlackTeam "St. Petersburg"]
[WhiteFideId "4146786"]
[BlackFideId "14107201"]
[EventDate "2014.04.07"]

1. d4 Nf6 2. c4 e6 3. Nc3 Bb4 4. Nf3 b6 5. e3 Bb7 6. Bd3 c5 7. O-O Bxc3 8. bxc3
O-O 9. Nd2 d6 10. Bb2 Nc6 11. f4 cxd4 12. cxd4 d5 13. Ba3 Re8 14. c5 Na5 15. Rb1
Bc6 16. Bb4 Nb7 17. Nf3 bxc5 18. dxc5 Ne4 19. Qc2 Qc7 20. Rfc1 h6 21. Nd4 Reb8
22. a4 Nd8 23. a5 Rc8 24. a6 e5 25. fxe5 Qxe5 26. Be1 Ne6 27. Nxe6 Qxe6 28. Bxe4
dxe4 29. Bg3 Bd5 30. Bd6 Rc6 31. Qa4 Rac8 32. Ra1 Kh7 33. Qd4 Bb3 34. Rc3 Bd5
35. Rcc1 Bb3 36. Rc3 Bd5 37. h3 Ba2 38. Ra3 Bc4 39. Ra4 Bd3 40. Rb4 Qf5 41. Rb7
Rxa6 42. Rxa6 Bxa6 43. Rxa7 Bd3 44. Kh2 Bb5 45. Be5 Bf1 46. Ra1 f6 47. Bf4 1/2-1/2

[Event "21st TCh-RUS 2014"]
[Site "Loo RUS"]
[Date "2014.04.07"]
[Round "1.2"]
[Board "5"]
[White "Khairullin, Ildar"]
[Black "Pogromsky, Mikhail"]
[Result "1/2-1/2"]
[WhiteTitle "GM"]
[BlackTitle "IM"]
[WhiteElo "2650"]
[BlackElo "2418"]
[WhiteTeam "St. Petersburg"]
[BlackTeam "Polytechnic (Nizhny Tagil)"]
[WhiteFideId "4151348"]
[BlackFideId "4184688"]
[EventDate "2014.04.07"]

1. d4 d5 2. c4 c6 3. Nc3 Nf6 4. e3 Bf5 5. cxd5 cxd5 6. Qb3 Bc8 7. Nf3 e6 8. Bd3
Nc6 9. O-O Bd6 10. e4 dxe4 11. Nxe4 Nxe4 12. Bxe4 O-O 13. Bd2 h6 14. Rac1 Ne7
15. Bc2 b6 16. Qd3 Ng6 17. Qe2 Bb7 18. Bxg6 fxg6 19. Qxe6+ Kh7 20. Ne5 Bxe5 21.
Qxe5 Rf5 22. Qe3 Qd5 23. f3 Rd8 24. Rc7 Rf7 25. Rxf7 Qxf7 26. a3 Qd7 27. Bc3 Re8
28. Qd3 Bd5 29. Bd2 Rc8 30. Re1 Re8 31. Rxe8 Qxe8 32. Kf2 Qf7 33. g4 Qc7 34. Kg2
Qc4 35. Qxc4 Bxc4 36. h4 Kg8 37. Bf4 Kf7 38. Bb8 a6 39. Bc7 b5 40. Kg3 h5 41.
Kf4 Bd5 42. Ke5 Bxf3 43. g5 Ke7 44. d5 Kd7 45. Ba5 Bg4 46. Kd4 Kc8 47. Kc5 Kb7
48. Kd6 Bf5 49. Ke7 1/2-1/2

[Event "21st TCh-RUS 2014"]
[Site "Loo RUS"]
[Date "2014.04.07"]
[Round "1.2"]
[Board "6"]
[White "Ozgibcev, Anatoly"]
[Black "Shimanov, Aleksandr"]
[Result "0-1"]
[BlackTitle "GM"]
[WhiteElo "2373"]
[BlackElo "2637"]
[WhiteTeam "Polytechnic (Nizhny Tagil)"]
[BlackTeam "St. Petersburg"]
[WhiteFideId "4139704"]
[BlackFideId "4198603"]
[EventDate "2014.04.07"]

1. e4 Nf6 2. Nc3 e5 3. Nf3 d6 4. d4 Nbd7 5. Bc4 Be7 6. O-O O-O 7. a4 a6 8. Re1
b6 9. Bd5 Nxd5 10. Nxd5 Bb7 11. dxe5 dxe5 12. Nxe7+ Qxe7 13. b3 Rfd8 14. Ba3 c5
15. Qe2 Nf8 16. Qc4 a5 17. Rad1 Kh8 18. Rxd8 Rxd8 19. c3 f6 20. b4 Qe6 21. Qb5
axb4 22. cxb4 c4 23. a5 Nd7 24. Rd1 Bxe4 25. Qxb6 Qxb6 26. axb6 Bd3 27. Ne1 Nxb6
28. f3 f5 29. Nxd3 cxd3 30. b5 e4 31. fxe4 fxe4 32. Bc5 Na4 33. Be7 Rd7 34. Bg5
Nc3 35. Ra1 h6 36. Bd2 Nxb5 37. Kf2 Nd4 38. Ra8+ Kh7 39. Ke3 Nb3 40. Re8 Nxd2
41. Kxd2 Rd4 42. g4 Kg6 43. h4 e3+ 44. Rxe3 Rxg4 45. Kxd3 Rxh4 46. Rg3+ Kf6 47.
Ke3 g5 48. Kf2 Ra4 49. Kg2 h5 50. Rf3+ Kg6 51. Rf2 g4 52. Rc2 h4 53. Rb2 Kg5 54.
Kh2 h3 55. Rb3 Kh4 56. Rb1 g3+ 0-1

[Event "21st TCh-RUS 2014"]
[Site "Loo RUS"]
[Date "2014.04.07"]
[Round "1.3"]
[Board "2"]
[White "Tomashevsky, Evgeny"]
[Black "Rozum, Ivan"]
[Result "1/2-1/2"]
[WhiteTitle "GM"]
[BlackTitle "IM"]
[WhiteElo "2697"]
[BlackElo "2532"]
[WhiteTeam "Yugra (KhMAO)"]
[BlackTeam "SDYUSSHOR SHSH Chigorin Chess Club"]
[WhiteFideId "4147235"]
[BlackFideId "24104272"]
[EventDate "2014.04.07"]

1. d4 Nf6 2. c4 e6 3. Nc3 Bb4 4. e3 O-O 5. Bd3 c5 6. Nf3 d5 7. O-O dxc4 8. Bxc4
Bd7 9. Qe2 Bc6 10. Rd1 Bxc3 11. bxc3 Nbd7 12. Bd3 Be4 13. Bxe4 Nxe4 14. Qd3 Ndf6
15. c4 Qc7 16. Bb2 Rfd8 17. h3 Rac8 18. Rac1 Qb6 19. Ba1 Qa6 20. Qb3 Rc7 21.
dxc5 Rf8 22. Bxf6 Nxf6 23. Rd6 Qa5 24. c6 Rxc6 25. Rxc6 bxc6 26. c5 Qc7 27. Nd4
Nd7 28. Qa4 Rc8 29. Nb3 g6 30. Qh4 Nf8 31. Rd1 Qb7 32. Qa4 e5 33. Qe4 Qa6 34.
Rd2 Re8 35. Kh2 Kg7 36. Nd4 Nd7 37. Qxc6 Qxc6 38. Nxc6 Nxc5 39. Nxa7 e4 40. Nb5
Ra8 41. Nd6 Ra6 42. g4 Kf6 43. Kg3 Ke7 44. Nb5 Nd3 45. Rc2 f5 46. Nd4 fxg4 47.
Kxg4 Kf6 48. Kg3 Ke5 49. h4 Kd5 50. Rd2 Ra8 51. f4 h5 52. Nb5 Kc4 53. Nd6+ Kd5
54. Nf7 Ke6 55. Ng5+ Kd5 56. Rc2 Ra3 57. Rc8 Nc5 58. Rd8+ Kc6 59. f5 gxf5 60.
Kf4 Rxa2 61. Kxf5 Rh2 62. Rc8+ Kd5 63. Rd8+ Kc6 64. Nxe4 Nxe4 65. Kxe4 Rxh4+ 66.
Kf5 Kc7 67. Rd1 Ra4 68. e4 h4 69. e5 h3 70. e6 Ra2 71. e7 Re2 72. Kf6 h2 73. Kf7
Rf2+ 74. Ke8 Re2 75. Rc1+ Kd6 76. Kd8 Rxe7 77. Rd1+ Ke6 78. Re1+ Kf6 79. Rf1+
Ke6 80. Re1+ 1/2-1/2

[Event "21st TCh-RUS 2014"]
[Site "Loo RUS"]
[Date "2014.04.07"]
[Round "1.3"]
[Board "3"]
[White "Makarov, Marat"]
[Black "Inarkiev, Ernesto"]
[Result "0-1"]
[WhiteTitle "GM"]
[BlackTitle "GM"]
[WhiteElo "2511"]
[BlackElo "2691"]
[WhiteTeam "SDYUSSHOR SHSH Chigorin Chess Club"]
[BlackTeam "Yugra (KhMAO)"]
[WhiteFideId "4101103"]
[BlackFideId "4162722"]
[EventDate "2014.04.07"]

1. Nf3 c5 2. b3 d6 3. e4 Nf6 4. Bb5+ Nbd7 5. Qe2 g6 6. e5 dxe5 7. Nxe5 Bg7 8.
Bb2 O-O 9. Bxd7 Bxd7 10. O-O Bf5 11. d3 Nd5 12. f4 Qc7 13. Qf2 g5 14. Nc3 Nxf4
15. Nb5 Qc8 16. Rae1 f6 17. Nc4 Bd7 18. a4 e5 19. Nbd6 Qc6 20. Ne4 b6 21. Qf3
Qe6 22. Ned6 a6 23. Ne4 Rac8 24. Ne3 g4 25. Qg3 f5 26. Nc3 b5 27. axb5 axb5 28.
Ned1 Qd6 29. Ne2 Ne6 30. Qh4 c4 31. Ng3 cxd3 32. Nxf5 Rxf5 33. Rxf5 dxc2 34. Ne3
Nf4 35. Qxg4 Qd2 36. Qg3 c1=Q 0-1

[Event "21st TCh-RUS 2014"]
[Site "Loo RUS"]
[Date "2014.04.07"]
[Round "1.3"]
[Board "4"]
[White "Khismatullin, Denis"]
[Black "Ionov, Sergey"]
[Result "1-0"]
[WhiteTitle "GM"]
[BlackTitle "GM"]
[WhiteElo "2681"]
[BlackElo "2538"]
[WhiteTeam "Yugra (KhMAO)"]
[BlackTeam "SDYUSSHOR SHSH Chigorin Chess Club"]
[WhiteFideId "4142578"]
[BlackFideId "4100875"]
[EventDate "2014.04.07"]

1. d4 d5 2. c4 c6 3. Nf3 Nf6 4. Nbd2 Bf5 5. Nh4 Be6 6. e3 g6 7. b3 Bg7 8. Bb2
O-O 9. Be2 Ne4 10. Nhf3 Nd7 11. O-O Ndf6 12. Ne5 Qa5 13. Nxe4 Nxe4 14. Bd3 Bxe5
15. dxe5 Rfd8 16. Qc2 Nc5 17. cxd5 Bxd5 18. Bc3 Qa3 19. Rfd1 Nxd3 20. Qxd3 Rd7
21. e4 Be6 22. Qe2 Rad8 23. Rxd7 Rxd7 24. h3 Qc5 25. Rc1 a6 26. Kh2 Qb5 27. Qe1
c5 28. f4 Qd3 29. Ba5 Rd4 30. Rxc5 Rxe4 31. Qg3 Qd4 32. Rc7 Rxf4 33. Bc3 Qe4 34.
Rxe7 Rf1 35. Bd2 Qb1 36. Re8+ Kg7 37. Qe3 Rh1+ 38. Kg3 g5 1-0

[Event "21st TCh-RUS 2014"]
[Site "Loo RUS"]
[Date "2014.04.07"]
[Round "1.3"]
[Board "5"]
[White "Alekseenko, Kirill"]
[Black "Rublevsky, Sergei"]
[Result "1-0"]
[WhiteTitle "FM"]
[BlackTitle "GM"]
[WhiteElo "2462"]
[BlackElo "2706"]
[WhiteTeam "SDYUSSHOR SHSH Chigorin Chess Club"]
[BlackTeam "Yugra (KhMAO)"]
[WhiteFideId "4135539"]
[BlackFideId "4115309"]
[EventDate "2014.04.07"]

1. e4 c5 2. Nf3 e6 3. d4 cxd4 4. Nxd4 Nc6 5. Nc3 a6 6. Be2 d6 7. Be3 Nf6 8. Qd2
Bd7 9. O-O b5 10. f3 Be7 11. a4 b4 12. Nd1 Ne5 13. Nf2 d5 14. f4 Nc4 15. Bxc4
dxc4 16. Qe2 Qc7 17. Nf3 O-O 18. Ne5 Bc6 19. Qxc4 Rfc8 20. Qd4 Bb7 21. Rac1 Rd8
22. Qb6 Qxb6 23. Bxb6 Rd2 24. Nc4 Rd7 25. Rfe1 Rc8 26. b3 h6 27. a5 Bc5 28. Bxc5
Rxc5 29. e5 Nd5 30. Rcd1 Bc6 31. Ne4 Rb5 32. Ned6 Rc5 33. Rd4 Rc7 34. Ne4 Rb5
35. g3 Rb8 36. Ned6 Bb5 37. Ra1 Rc5 38. Rd2 Ne7 39. Nxb5 axb5 40. Ne3 Rc7 41.
Rd6 Nc6 42. Nd1 g5 43. Nf2 gxf4 44. gxf4 Ne7 45. Rb6 Ra8 46. Rxb5 Nd5 47. Ne4
Rxc2 48. a6 Kh7 49. Kh1 Nxf4 50. Nf6+ Kg6 51. Rxb4 Rxa6 52. Rg1+ Kf5 53. Ng4 Nd5
54. Nxh6+ Kxe5 55. Nxf7+ Kf6 56. Rf1+ Ke7 57. Rb7+ Nc7 58. Ne5 Raa2 59. Rf7+ Kd6
60. Nc4+ Kc5 61. Rbxc7+ Kb4 62. Rb7+ Kc5 63. Ne3 Rxh2+ 64. Kg1 Rhb2 65. Rf1 Re2
66. Rc1+ Kd4 67. Nf1 Rg2+ 68. Kh1 Rgc2 69. Rd1+ Kc3 70. b4 Ra4 71. Rb1 Rca2 72.
Rc7+ Kd3 73. Rcc1 Ra8 74. Ng3 Rh8+ 75. Kg1 Rg8 76. Rb3+ Kd2 77. Rf1 Kc2 78. Re3
Rb2 79. Kg2 Rb8 80. Ne4 Rg8+ 81. Kh2 Rh8+ 82. Kg3 Rg8+ 83. Kh4 Rxb4 84. Rf2+ Kd1
85. Kh5 Rg1 86. Nc3+ Kc1 87. Na2+ 1-0